000 01136njm a2200313Ia 4500
001 37808
003 IT-RoPAU
005 20220918181141.0
008 131025s9999 xx 000 0 und d
040 _aIT-RoPAU
040 _cIT-RoPAU
041 _aPOLACCO
999 _c101220
_d101220
999 _bSI
100 _aBajm
_920001
100 _eAutore musica
_920002
100 _gCodice autore musica SPICS: 17419
_920003
245 _aBajm
250 _a1a ed.
260 _aPOLONIA
260 _bPRONIT
_c1984 [1a Ed.:1984 - Ed. Lingua Orig.: 1984]
300 _aDISCO
300 _c40 minuti (Testo: pag.)
500 _aMusica polacca. Canzone polacca
505 _aCo Mi Panie Dasz - Zal Prostych Slow - Po Prostu Stalo Sie - Nie Ma Wody Na Pustyni - Prorocy Swiata - Jozek Nie Daruje Ci Tej Nocy - Rozowa Kula - W Drodze Do Jej Serca - O Key, O Key, Nic Nie Wiem, Nic Nie Wiem
650 _aCANZONE POLACCA [DISCHI]
_eCodice MATERIA SPICS: 9950
_920004
700 _aBajm
_eAutore testo e musica
_gCodice autore testo/musica SPICS: 17419
_920005
700 _aBajm
_gCodice interprete SPICS: 17419
_eInterprete
_920006
942 _cMD
_2ddc